Organizacija i planirovanije raboty vyčislitel'nogo centra

Guardado en:
Detalles Bibliográficos
Autor principal: L'janova, Diana Sergejvna
Formato: Libro
Lenguaje:ruso
Publicado: Alma-Ata Kazachstan 1984
Etiquetas: Agregar Etiqueta
Sin Etiquetas, Sea el primero en etiquetar este registro!

MARC

LEADER 00000nam a2200000 4500
001 c108721
005 20041019155142.2
041 0 |a rus 
044 |a KZ 
245 1 0 |a Organizacija i planirovanije raboty vyčislitel'nogo centra  |c Diana Sergejvna L'janova 
264 1 |a Alma-Ata  |b Kazachstan  |c 1984 
300 |a 121 s. 
100 1 |a L'janova, Diana Sergejvna